ბათუმის შოთა რუსთაველის სახელმწიფო უნივერსიტეტის ბიბლიოთეკა

საზღვარგარეთის ქვეყნების კონსტიტუციები / (ბიბ.ჩანაწერი № 63839)

000 -ლიდერი
ფიქსირებული სიგრძის საკონტროლო ველი 01285nam a2200181 4500
003 - საკონტროლო ნომრის იდენტიფიკატორი
საკონტროლო ველი Ge_BSU
005 - ბოლო ოპერაციის თარიღი და დრო
საკონტროლო ველი 20260202205012.0
008 - ფიქსირებული სიგრძის მონაცემთა ელემენტები - ზოგადი ინფორმაცია
ფიქსირებული სიგრძის საკონტროლო ველი 260202s2008 ge ||||| |||| 00| 0 geo d
020 ## - წიგნის საერთაშორისო სტანდარტული ნომერი
International Standard Book Number 9789941007248
041 ## - ენის კოდი
Language code of text/sound track or separate title geo
080 ## - უნივერსალური ათობითი კლასიფიკაციის ინდექსი
Universal Decimal Classification number 342.4(100) ს-17
245 ## - ცნობა სათაურის შესახებ
Title საზღვარგარეთის ქვეყნების კონსტიტუციები /
Statement of responsibility, etc შემდგ. ჯგუფის ხელმძღვ. და პმგ რედ. ვასილ გონაშვილი; კავშირი "იურისტები სამართლებრივი სახელმწიფოსთვის".
Remainder of title [ავსტრალია, ავსტრია, აზერბაიჯანი, ბელარუსი, ლიტვა, ლუქსემბურგი, ისრაელი, საბერძნეთი, საფრანგეთი, პოლონეთი, ჩინეთი, ფინეთი] /
250 ## - გამოცემის ცნობა
Edition statement (მე-2 გადამუშავებული გამოცემა).
264 ## - წარმოების, გამოცემის, დისტრიბუციის და სხვა ცნობები
გამოცემის, წარმოების, დისტრიბუციის... ადგილი თბილისი,
გამოცემის, წარმოების, დისტრიბუციის... თარიღი 2008.
300 ## - ფიზიკური აღწერა
Extent 800 გვ.;
Other physical details 21 სმ.
700 ## - ADDED ENTRY--PERSONAL NAME
Personal name გონაშვილი, ვასილ
Relator term შემდგენელი
9 (RLIN) 26784
942 ## - ADDED ENTRY ELEMENTS (KOHA)
Source of classification or shelving scheme
Koha item type წიგნი
ეგზემპლარები
ჩამოწერის სტატუსი დაკარგული ეგზემპლარის სტატუსი კლასიფიკაციის წყარო ან თაროზე გაწყობის სქემა დაზიანების სტატუსი არ გაიცემა მუდმივი მდებარეობა (დაცვის ადგილი) ამჟამინდელი ადგილსამყოფელი თაროზე განთავსების ადგილი შეძენის თარიღი ღირებულება, შესყიდვის ნორმალური ფასი სრული შენახვის შიფრი შტრიხკოდი ბოლო ოპერაციის თარიღი ეგზემპლარის მიმდევრობითი ნომერი (კეტერი?) Uniform Resource Identifier ფასის ძალაში შესვლის თარიღი ეგზემპლარის სახეობა საჯარო შენიშვნა
          ბათუმის შოთა რუსთაველის სახელმწიფო უნივერსიტეტის მთავარი ბიბლიოთეკა ბათუმის შოთა რუსთაველის სახელმწიფო უნივერსიტეტის მთავარი ბიბლიოთეკა წიგნსაცავი 2026-02-02 10.00 342.4(100) ს-17 73649 2026-02-02 73649 ნაჩუქარი 2026-02-02 წიგნი 10 ლ.